[Event "chess.com Junior Speed"]
[Site "chess.com INT"]
[Date "2019.06.15"]
[Round "1.1"]
[White "Xiong, Jeffery"]
[Black "Smirnov, Anton"]
[Result "0-1"]
[WhiteTitle "GM"]
[BlackTitle "GM"]
[WhiteElo "2679"]
[BlackElo "2567"]
[WhiteFideId "2047640"]
[BlackFideId "3208923"]
[EventDate "2019.05.16"]

1. d4 Nf6 2. c4 e6 3. Nc3 d5 4. Bg5 c6 5. e3 h6 6. Bh4 Nbd7 7. Nf3 g5 8. Bg3 Nh5
9. Nd2 Nxg3 10. hxg3 Bg7 11. Be2 Qe7 12. Rc1 O-O 13. g4 a6 14. cxd5 cxd5 15. Na4
b5 16. Nc5 e5 17. Nxd7 Bxd7 18. Nb3 Rac8 19. Rxc8 Rxc8 20. O-O e4 21. Qd2 Bf8
22. Rc1 Qb4 23. Rxc8 Bxc8 24. Qc1 Be6 25. Kf1 Qd6 26. g3 Qd7 27. Nc5 Qc8 28. Kg1
a5 29. Bxb5 Bxg4 30. Nb3 Qe6 31. Qc6 Qf5 32. Nd2 Bb4 33. Nf1 Be1 34. Qc2 Bf3 35.
Nh2 g4 36. a3 h5 37. Qc1 Bd1 38. Qxd1 Qxf2+ 39. Kh1 Qxg3 40. Qe2 Bf2 41. Qf1
Bxe3 42. Be8 Bf4 43. Qg2 Qe1+ 44. Qf1 Qd2 45. Qg2 e3 46. Nxg4 Qd1+ 47. Qg1 Qxg4
48. Qxg4+ hxg4 49. Bb5 Kg7 50. Kg2 Kg6 51. Bc6 f5 52. Bxd5 Bd6 53. Bc4 Kg5 54.
b4 axb4 55. a4 Bc7 0-1

[Event "chess.com Junior Speed"]
[Site "chess.com INT"]
[Date "2019.06.15"]
[Round "1.2"]
[White "Smirnov, Anton"]
[Black "Xiong, Jeffery"]
[Result "1/2-1/2"]
[WhiteTitle "GM"]
[BlackTitle "GM"]
[WhiteElo "2567"]
[BlackElo "2679"]
[WhiteFideId "3208923"]
[BlackFideId "2047640"]
[EventDate "2019.05.16"]

1. e4 e5 2. Nf3 Nc6 3. Bb5 a6 4. Bxc6 dxc6 5. O-O Bg4 6. h3 h5 7. d3 Qf6 8. Be3
Bxf3 9. Qxf3 Qxf3 10. gxf3 Bd6 11. Nd2 Ne7 12. Rfb1 Ng6 13. Kf1 Nf8 14. Ke2 Ne6
15. b4 Kd7 16. a4 g5 17. c3 f6 18. Nb3 b6 19. Rd1 Rhf8 20. Nd2 f5 21. exf5 Rxf5
22. Rg1 Raf8 23. Rg2 Be7 24. Rag1 Kc8 25. Kd1 Kb7 26. Ke2 c5 27. b5 axb5 28.
axb5 Ra8 29. Rc1 Ra5 30. Rb1 Ra3 31. Rc1 Ra2 32. Rgg1 Rf8 33. Ra1 Rfa8 34. Rxa2
Rxa2 35. Rb1 Rc2 36. Rb3 Nf4+ 37. Bxf4 exf4 38. Kd1 Ra2 39. Rb1 Bf6 40. Ne4 Be5
41. Kc1 Re2 42. Kd1 Ra2 43. Kc1 Re2 44. Kd1 Ra2 1/2-1/2

[Event "chess.com Junior Speed"]
[Site "chess.com INT"]
[Date "2019.06.15"]
[Round "1.3"]
[White "Xiong, Jeffery"]
[Black "Smirnov, Anton"]
[Result "1-0"]
[WhiteTitle "GM"]
[BlackTitle "GM"]
[WhiteElo "2679"]
[BlackElo "2567"]
[WhiteFideId "2047640"]
[BlackFideId "3208923"]
[EventDate "2019.05.16"]

1. d4 d5 2. c4 c6 3. Nf3 Nf6 4. Nc3 e6 5. Bg5 dxc4 6. a4 Bb4 7. e4 Qa5 8. Bd2 c5
9. Bxc4 cxd4 10. Nxd4 O-O 11. Nc2 Nc6 12. Nxb4 Qxb4 13. b3 Qe7 14. O-O e5 15.
Bg5 Nb4 16. Qf3 Be6 17. Rac1 Rfd8 18. Nb5 Na6 19. Bxf6 gxf6 20. Bd5 Kh8 21. Rc3
Rd7 22. Rfc1 Rad8 23. Bxe6 fxe6 24. Nxa7 f5 25. exf5 e4 26. Qh5 exf5 27. h4 Qf6
28. Nb5 Rg7 29. Rc8 Rgg8 30. Rxd8 Rxd8 31. Rc3 Qe5 32. Rg3 e3 33. Rxe3 Qa1+ 34.
Kh2 Qf6 35. Re8+ Rxe8 36. Qxe8+ Kg7 37. Qd7+ Kh6 38. Qxb7 Nc5 39. Qf3 Ne4 40.
Qf4+ Kg7 41. a5 h6 42. a6 Qxa6 43. Nd4 Nf6 44. Nxf5+ Kg6 45. Nxh6 Qb5 46. Ng4
Nh5 47. Ne5+ Kh7 48. Qf5+ Kg7 49. Qg6+ Kf8 50. Qf7# 1-0

[Event "chess.com Junior Speed"]
[Site "chess.com INT"]
[Date "2019.06.15"]
[Round "1.4"]
[White "Smirnov, Anton"]
[Black "Xiong, Jeffery"]
[Result "1/2-1/2"]
[WhiteTitle "GM"]
[BlackTitle "GM"]
[WhiteElo "2567"]
[BlackElo "2679"]
[WhiteFideId "3208923"]
[BlackFideId "2047640"]
[EventDate "2019.05.16"]

1. e4 c6 2. d4 d5 3. Nc3 dxe4 4. Nxe4 Nf6 5. Nxf6+ exf6 6. c3 Bd6 7. Bd3 O-O 8.
Qc2 Re8+ 9. Ne2 h5 10. Be3 Nd7 11. O-O-O Nf8 12. h3 Be6 13. g4 h4 14. Kb1 b5 15.
Rhg1 a5 16. g5 a4 17. gxf6 Qxf6 18. Bg5 Qf3 19. Bxh4 Bc4 20. Ng3 Bxd3 21. Qxd3
Qxd3+ 22. Rxd3 Ng6 23. Bg5 Bf4 24. h4 Bxg5 25. hxg5 Nf4 26. Rd2 Nh3 27. Rgd1
Nxg5 28. d5 Nf3 29. Rd3 Ne5 30. Re3 f6 31. f4 Nc4 32. Rxe8+ Rxe8 33. dxc6 Rc8
34. Nf5 Kf8 35. Nd4 Ke7 36. Nf5+ Kf8 37. Nd4 Ke7 38. b3 axb3 39. axb3 Nd6 40.
Kb2 g5 41. Re1+ Kf7 42. fxg5 fxg5 43. Re5 g4 44. Rg5 Rg8 45. Rd5 Ke7 46. Nxb5
Nxb5 47. Rxb5 g3 48. Re5+ Kd6 49. Re1 g2 50. Rg1 Rg3 51. Kc2 Kxc6 52. Kd2 Kc5
53. Kc2 Kb5 54. Kd2 Kc5 55. Ke2 Rxc3 56. b4+ Kxb4 57. Kf2 Rc2+ 58. Kg3 Kc5 59.
Kh2 Kd4 60. Rxg2 Rxg2+ 61. Kxg2 1/2-1/2

[Event "chess.com Junior Speed"]
[Site "chess.com INT"]
[Date "2019.06.15"]
[Round "1.5"]
[White "Xiong, Jeffery"]
[Black "Smirnov, Anton"]
[Result "1-0"]
[WhiteTitle "GM"]
[BlackTitle "GM"]
[WhiteElo "2679"]
[BlackElo "2567"]
[WhiteFideId "2047640"]
[BlackFideId "3208923"]
[EventDate "2019.05.16"]

1. d4 d5 2. c4 c6 3. Nf3 Nf6 4. Nc3 e6 5. Bg5 dxc4 6. a4 Bb4 7. e4 Bxc3+ 8. bxc3
Qa5 9. e5 Ne4 10. Bd2 c5 11. Bxc4 Nxd2 12. Qxd2 cxd4 13. cxd4 Nc6 14. Bb5 Bd7
15. Rc1 Qxd2+ 16. Kxd2 a6 17. Bd3 Ke7 18. Rb1 Na5 19. Rb4 Rab8 20. Rhb1 Bc6 21.
Bxa6 Rhd8 22. Bd3 h6 23. Ke3 Bxf3 24. Kxf3 Rdc8 25. Rb5 Ra8 26. Be4 Rc3+ 27. Ke2
Ra7 28. R1b4 Rc7 29. Rc5 Rd7 30. Kd3 Ra6 31. Rc8 f6 32. f4 Kf7 33. g4 g5 34. Rh8
gxf4 35. Rh7+ Ke8 36. Rxd7 Kxd7 37. exf6 Ra8 38. Rb5 Kd6 39. h4 Nc6 40. Rxb7
Rxa4 41. f7 Ra3+ 42. Kd2 Ra2+ 43. Kc3 Ra3+ 44. Rb3 Ra8 45. Rb6 Ke7 46. Rxc6 Ra3+
47. Kb4 Ra7 48. Bg6 1-0

[Event "chess.com Junior Speed"]
[Site "chess.com INT"]
[Date "2019.06.15"]
[Round "1.6"]
[White "Smirnov, Anton"]
[Black "Xiong, Jeffery"]
[Result "1/2-1/2"]
[WhiteTitle "GM"]
[BlackTitle "GM"]
[WhiteElo "2567"]
[BlackElo "2679"]
[WhiteFideId "3208923"]
[BlackFideId "2047640"]
[EventDate "2019.05.16"]

1. e4 Nf6 2. e5 Nd5 3. c4 Nb6 4. d4 d6 5. exd6 exd6 6. Nc3 Nc6 7. Nf3 Bg4 8. Be2
Bxf3 9. Bxf3 Nxc4 10. Qa4 Nb6 11. Bxc6+ bxc6 12. Qxc6+ Qd7 13. Qxd7+ Kxd7 14.
O-O h5 15. b3 h4 16. f4 Re8 17. a4 Rh5 18. f5 Be7 19. a5 Nc8 20. Ra4 Bg5 21.
Bxg5 Rxg5 22. Rc4 Ne7 23. f6 Nf5 24. fxg7 Kd8 25. Rb4 Nxg7 26. Rxf7 Kc8 27. Rc4
Ne6 28. d5 Nc5 29. b4 Re1+ 30. Kf2 Nd3+ 31. Kf3 Ne5+ 32. Kf2 Nd3+ 33. Kf3 Ne5+
34. Kf2 Nd3+ 1/2-1/2

[Event "chess.com Junior Speed"]
[Site "chess.com INT"]
[Date "2019.06.15"]
[Round "1.7"]
[White "Xiong, Jeffery"]
[Black "Smirnov, Anton"]
[Result "1/2-1/2"]
[WhiteTitle "GM"]
[BlackTitle "GM"]
[WhiteElo "2679"]
[BlackElo "2567"]
[WhiteFideId "2047640"]
[BlackFideId "3208923"]
[EventDate "2019.05.16"]

1. d4 d5 2. c4 c6 3. Nf3 Nf6 4. Nc3 e6 5. Bg5 dxc4 6. a4 Bb4 7. e4 Bxc3+ 8. bxc3
Qa5 9. e5 Ne4 10. Bd2 c5 11. Bxc4 cxd4 12. cxd4 Nxd2 13. Qxd2 Nc6 14. Bb5 Bd7
15. Rb1 b6 16. Qxa5 Nxa5 17. Ke2 Rc8 18. Nd2 Ke7 19. Rhc1 Rxc1 20. Rxc1 Rc8 21.
Rxc8 Bxc8 22. Ne4 a6 23. Bd3 Bd7 24. Nd6 Bxa4 25. Bxa6 Bd7 26. Kd3 Nc6 27. Kc4
Na5+ 28. Kc3 Nc6 29. f4 Na7 30. Kc4 Bc6 31. g3 Bd5+ 32. Kc3 Bc6 33. f5 f6 34. g4
Bf3 35. fxe6 fxe5 36. Nf5+ Kxe6 37. Nxg7+ Kf7 38. Nf5 exd4+ 39. Kxd4 Kf6 40. h3
h5 41. Ne3 Nc6+ 42. Kc3 h4 43. Bb7 Ne5 44. Bxf3 Nxf3 45. Kb4 Ng1 46. Ng2 Kg5 47.
Kb5 Nxh3 48. Nxh4 Kxg4 49. Kxb6 1/2-1/2

[Event "chess.com Junior Speed"]
[Site "chess.com INT"]
[Date "2019.06.15"]
[Round "1.8"]
[White "Smirnov, Anton"]
[Black "Xiong, Jeffery"]
[Result "1-0"]
[WhiteTitle "GM"]
[BlackTitle "GM"]
[WhiteElo "2567"]
[BlackElo "2679"]
[WhiteFideId "3208923"]
[BlackFideId "2047640"]
[EventDate "2019.05.16"]

1. e4 Nf6 2. e5 Nd5 3. d4 d6 4. c4 Nb6 5. exd6 exd6 6. Nc3 Nc6 7. Be2 Be7 8. Be3
O-O 9. Nf3 Bg4 10. b3 d5 11. c5 Nc8 12. h3 Be6 13. O-O Bf6 14. Qd2 N8e7 15. g4
Ng6 16. Rae1 a6 17. Bd1 Qd7 18. Bg5 Qd8 19. Be3 Qd7 20. Bg5 Qd8 21. Ne2 h6 22.
Be3 Qd7 23. Ng3 Rae8 24. Bc2 b6 25. cxb6 cxb6 26. Bb1 Be7 27. Rd1 Bd6 28. Nf5
Bxf5 29. Bxf5 Qd8 30. Rc1 Nce7 31. Qd3 Nxf5 32. Qxf5 Re6 33. Kg2 Bb8 34. Rfe1
Rfe8 35. Bd2 Re4 36. Kf1 Bf4 37. Bxf4 1-0

[Event "chess.com Junior Speed"]
[Site "chess.com INT"]
[Date "2019.06.15"]
[Round "1.9"]
[White "Xiong, Jeffery"]
[Black "Smirnov, Anton"]
[Result "0-1"]
[WhiteTitle "GM"]
[BlackTitle "GM"]
[WhiteElo "2679"]
[BlackElo "2567"]
[WhiteFideId "2047640"]
[BlackFideId "3208923"]
[EventDate "2019.05.16"]

1. Nf3 d5 2. b3 Bg4 3. Bb2 Nd7 4. g3 Bxf3 5. exf3 Ngf6 6. Bg2 e6 7. O-O Bd6 8.
f4 O-O 9. d3 Re8 10. Nd2 e5 11. fxe5 Bxe5 12. c3 c6 13. Nf3 Bd6 14. c4 a5 15.
Qc2 a4 16. Nd4 Bf8 17. cxd5 Nxd5 18. Bxd5 cxd5 19. bxa4 Nc5 20. Ba3 Rc8 21. Qd1
Qa5 22. Rb1 Qa6 23. Rb5 Nxa4 24. Bxf8 Nc3 25. Qg4 Kxf8 26. Rb3 g6 27. Qf3 b5 28.
Rc1 b4 29. Rxb4 Qa3 30. Rxc3 Qxc3 31. Rb7 Rc7 32. Rxc7 Qxc7 33. Qxd5 Rd8 34. Qe4
Qd6 35. Nc6 Re8 36. Qc4 Rc8 37. Qd4 Rxc6 0-1

[Event "chess.com Junior Speed"]
[Site "chess.com INT"]
[Date "2019.06.15"]
[Round "1.10"]
[White "Smirnov, Anton"]
[Black "Xiong, Jeffery"]
[Result "0-1"]
[WhiteTitle "GM"]
[BlackTitle "GM"]
[WhiteElo "2567"]
[BlackElo "2679"]
[WhiteFideId "3208923"]
[BlackFideId "2047640"]
[EventDate "2019.05.16"]

1. e4 c5 2. Nf3 e6 3. d4 cxd4 4. Nxd4 Nc6 5. Nb5 d6 6. c4 a6 7. N5c3 Nf6 8. Be2
Be7 9. O-O O-O 10. Be3 b6 11. Na3 Bb7 12. f3 Ne5 13. Qd2 Rc8 14. Rfd1 Qc7 15.
Rac1 Rfe8 16. Bf1 Bf8 17. Qf2 Nfd7 18. Kh1 Bc6 19. Nd5 Bxd5 20. cxd5 Qb7 21.
dxe6 fxe6 22. Nc4 b5 23. Nxd6 Bxd6 24. Rxd6 Rxc1 25. Bxc1 Qc7 26. Rd1 Rc8 27.
Be3 Qc2 28. Qxc2 Rxc2 29. Rd2 Rc1 30. Kg1 Nc4 31. Re2 Nxe3 32. Rxe3 Nc5 33. b3
Kf7 34. Kf2 Ke7 35. h4 Kd6 36. g3 Ke5 37. Re2 Nd3+ 38. Kg2 Ne1+ 39. Kf2 Nxf3 40.
Kxf3 Rxf1+ 41. Ke3 Rc1 42. Rd2 Re1+ 43. Kf3 Rf1+ 44. Ke3 Rc1 45. Rd7 Rc3+ 46.
Rd3 b4 47. Rxc3 bxc3 48. Kd3 c2 49. Kxc2 Kxe4 50. b4 Kd4 51. a4 Kc4 52. b5 axb5
53. a5 Kc5 54. Kb3 e5 55. Kc3 Kc6 56. Kb4 e4 57. g4 Kb7 58. g5 Ka6 0-1

[Event "chess.com Junior Speed"]
[Site "chess.com INT"]
[Date "2019.06.15"]
[Round "1.11"]
[White "Xiong, Jeffery"]
[Black "Smirnov, Anton"]
[Result "1-0"]
[WhiteTitle "GM"]
[BlackTitle "GM"]
[WhiteElo "2679"]
[BlackElo "2567"]
[WhiteFideId "2047640"]
[BlackFideId "3208923"]
[EventDate "2019.05.16"]

1. c4 e5 2. d3 Nc6 3. Nf3 g6 4. g3 Bg7 5. Bg2 d6 6. O-O f5 7. Nc3 Nf6 8. Rb1 O-O
9. b4 h6 10. b5 Ne7 11. a4 g5 12. Ba3 Ng6 13. c5 d5 14. c6 Re8 15. cxb7 Bxb7 16.
Nd2 e4 17. Nb3 Nd7 18. Na5 Bxc3 19. Nxb7 Qc8 20. dxe4 dxe4 21. Qd5+ Kg7 22. Rfc1
Be5 23. Nd6 Bxd6 24. Bxd6 Nf6 25. Qb3 Qe6 26. Rxc7+ Kg8 27. Qa3 Rec8 28. Rc6 Ne8
29. Bc7 Qf7 30. Ba5 Ne5 31. Rxc8 Rxc8 32. Bc3 Nc4 33. Qb4 Nc7 34. Qc5 Nb6 35.
Qe5 Kh7 36. g4 Ncd5 37. Bd4 Nf4 38. Bf1 Nxa4 39. Ra1 Nb6 40. Qxf5+ Qxf5 41. gxf5
Rc7 42. e3 Nfd5 43. Bg2 Re7 44. f6 Re8 45. Rxa7+ Kg6 46. Rg7+ Kf5 47. f7 Rf8 48.
Bc5 Nd7 49. Bxf8 Nxf8 50. Rg8 1-0

[Event "chess.com Junior Speed"]
[Site "chess.com INT"]
[Date "2019.06.15"]
[Round "1.12"]
[White "Smirnov, Anton"]
[Black "Xiong, Jeffery"]
[Result "0-1"]
[WhiteTitle "GM"]
[BlackTitle "GM"]
[WhiteElo "2567"]
[BlackElo "2679"]
[WhiteFideId "3208923"]
[BlackFideId "2047640"]
[EventDate "2019.05.16"]

1. e4 c5 2. Nf3 Nc6 3. Nc3 e6 4. d4 cxd4 5. Nxd4 a6 6. Bf4 d6 7. Nxc6 bxc6 8.
Qd2 e5 9. Bg5 Nf6 10. O-O-O h6 11. Bh4 Rb8 12. Bc4 Be7 13. Kb1 Be6 14. Bb3 g5
15. Bg3 Qa5 16. f3 Qb4 17. Bf2 a5 18. Na4 c5 19. Qxb4 Rxb4 20. Bxe6 fxe6 21. b3
O-O 22. c3 Rbb8 23. Bg3 c4 24. Kc2 Rfc8 25. Nb2 cxb3+ 26. axb3 Nh5 27. Ra1 Rb5
28. c4 d5 29. Ra4 Nf4 30. Bxf4 gxf4 31. Re1 Bb4 32. Re2 dxc4 33. Nxc4 Kf7 34. g3
Rg8 35. g4 h5 36. h3 hxg4 37. hxg4 Rh8 38. Ra1 Rh3 39. Rf2 Kf6 40. Rff1 Rh2+ 41.
Kb1 Bc3 42. Ra3 a4 43. Rxa4 Rxb3+ 44. Kc1 Bd4 45. Ra3 Rxa3 46. Nxa3 Bb2+ 0-1

[Event "chess.com Junior Speed"]
[Site "chess.com INT"]
[Date "2019.06.15"]
[Round "1.13"]
[White "Xiong, Jeffery"]
[Black "Smirnov, Anton"]
[Result "0-1"]
[WhiteTitle "GM"]
[BlackTitle "GM"]
[WhiteElo "2679"]
[BlackElo "2567"]
[WhiteFideId "2047640"]
[BlackFideId "3208923"]
[EventDate "2019.05.16"]

1. c4 c6 2. d4 d5 3. Nf3 Nf6 4. cxd5 cxd5 5. Nc3 Nc6 6. Bf4 Ne4 7. e3 Nxc3 8.
bxc3 e6 9. Bd3 Bd6 10. Bg3 h6 11. O-O O-O 12. Nd2 b6 13. c4 Bxg3 14. hxg3 dxc4
15. Nxc4 Bb7 16. Rc1 Rc8 17. Bb1 Nb4 18. Nd2 Qd7 19. Qb3 Qd5 20. Be4 Qxb3 21.
axb3 Bd5 22. Bxd5 exd5 23. g4 Nd3 24. Ra1 a5 25. Ra2 Rc3 26. e4 dxe4 27. Nxe4
Rxb3 28. d5 Rd8 29. d6 Rb4 30. f3 a4 31. Rd1 Nc5 32. Nxc5 bxc5 33. Rc2 c4 34. d7
Kf8 35. Rd4 a3 36. Ra2 Ra4 37. Kf2 f6 38. Ke1 Ke7 39. Re2+ Kf7 40. Ra2 Kg6 41.
Kd2 c3+ 42. Kxc3 Rxd4 43. Kxd4 Rxd7+ 44. Ke4 Ra7 45. f4 Ra4+ 46. Ke3 f5 47. Kf3
fxg4+ 48. Kxg4 h5+ 49. Kf3 Kf5 50. g3 g6 0-1

[Event "chess.com Junior Speed"]
[Site "chess.com INT"]
[Date "2019.06.15"]
[Round "1.14"]
[White "Smirnov, Anton"]
[Black "Xiong, Jeffery"]
[Result "1/2-1/2"]
[WhiteTitle "GM"]
[BlackTitle "GM"]
[WhiteElo "2567"]
[BlackElo "2679"]
[WhiteFideId "3208923"]
[BlackFideId "2047640"]
[EventDate "2019.05.16"]

1. e4 e5 2. Nf3 Nc6 3. Bb5 a6 4. Bxc6 dxc6 5. O-O Bg4 6. h3 h5 7. d3 Qf6 8. Be3
Bxf3 9. Qxf3 Qxf3 10. gxf3 Bd6 11. Nd2 Ne7 12. Rfb1 Ng6 13. Kf1 Nf8 14. Ke2 Ne6
15. b4 Kd7 16. Nc4 Rhf8 17. c3 f5 18. exf5 Rxf5 19. Rg1 Raf8 20. Nd2 g5 21. Rg2
Be7 22. Rag1 b6 23. a3 Kc8 24. Rg3 Kb7 25. R3g2 Kc8 26. Rg3 Kd7 27. R3g2 Kc8 1/2-1/2

[Event "chess.com Junior Speed"]
[Site "chess.com INT"]
[Date "2019.06.15"]
[Round "1.15"]
[White "Xiong, Jeffery"]
[Black "Smirnov, Anton"]
[Result "1-0"]
[WhiteTitle "GM"]
[BlackTitle "GM"]
[WhiteElo "2679"]
[BlackElo "2567"]
[WhiteFideId "2047640"]
[BlackFideId "3208923"]
[EventDate "2019.05.16"]

1. Nf3 d5 2. b3 Bg4 3. Bb2 Nd7 4. g3 Bxf3 5. exf3 Ngf6 6. Bg2 e6 7. O-O Bd6 8.
f4 O-O 9. d3 e5 10. fxe5 Bxe5 11. c3 Re8 12. Nd2 c5 13. Qc2 Qc7 14. Rfe1 Bd6 15.
c4 d4 16. b4 cxb4 17. Nb3 a6 18. Bxd4 Be5 19. Bxe5 Nxe5 20. c5 a5 21. d4 Ned7
22. Qc4 Rad8 23. Qb5 b6 24. cxb6 Qxb6 25. Qxa5 Qxa5 26. Nxa5 Rxe1+ 27. Rxe1 Nb6
28. Nc6 Rd6 29. Rb1 Nbd5 30. Bxd5 Nxd5 31. Nxb4 Nc3 32. Rb3 Ne2+ 33. Kf1 Nxd4
34. Rd3 Kf8 35. a4 Ke8 36. a5 Kd7 37. Rc3 Nb5 38. Rc5 Nc7 39. Ke2 Rd4 40. Nd3
Ra4 41. Rh5 h6 42. Nc5+ 1-0

[Event "chess.com Junior Speed"]
[Site "chess.com INT"]
[Date "2019.06.15"]
[Round "1.16"]
[White "Smirnov, Anton"]
[Black "Xiong, Jeffery"]
[Result "0-1"]
[WhiteTitle "GM"]
[BlackTitle "GM"]
[WhiteElo "2567"]
[BlackElo "2679"]
[WhiteFideId "3208923"]
[BlackFideId "2047640"]
[EventDate "2019.05.16"]

1. Nf3 Nf6 2. d4 d5 3. Bf4 e6 4. e3 c5 5. Nbd2 Nbd7 6. c3 Be7 7. Bd3 O-O 8. O-O
Nh5 9. Be5 Nhf6 10. Qe2 Nxe5 11. Nxe5 c4 12. Bc2 b5 13. a3 a5 14. f4 Bb7 15. f5
exf5 16. Rxf5 g6 17. Rf3 b4 18. axb4 axb4 19. Rb1 Ra2 20. Bd1 Bd6 21. Qe1 Bxe5
22. dxe5 Nd7 23. Be2 Nxe5 24. Rh3 Re8 25. cxb4 Qb6 26. Nf1 d4 27. exd4 Qxd4+ 28.
Qf2 Qxf2+ 29. Kxf2 Be4 30. Re1 Rxb2 31. Kg1 Nd3 32. Bxd3 cxd3 33. Ne3 Bxg2 34.
Rg3 Bc6 35. Rd1 Bb5 36. Nd5 Re5 37. Nf6+ Kg7 38. Ng4 Ree2 0-1

[Event "chess.com Junior Speed"]
[Site "chess.com INT"]
[Date "2019.06.15"]
[Round "1.17"]
[White "Xiong, Jeffery"]
[Black "Smirnov, Anton"]
[Result "0-1"]
[WhiteTitle "GM"]
[BlackTitle "GM"]
[WhiteElo "2679"]
[BlackElo "2567"]
[WhiteFideId "2047640"]
[BlackFideId "3208923"]
[EventDate "2019.05.16"]

1. Nf3 Nf6 2. b3 g6 3. c4 Bg7 4. Bb2 c6 5. g3 d5 6. Bg2 O-O 7. O-O Bg4 8. d3
Nbd7 9. Nbd2 Re8 10. h3 Bxf3 11. Nxf3 e5 12. Rc1 a5 13. cxd5 Nxd5 14. Nd2 Nf8
15. Nc4 Nb6 16. Qc2 Nxc4 17. Qxc4 Ne6 18. e3 Qd7 19. Rfd1 Qd6 20. a3 Bf8 21. d4
exd4 22. exd4 Bg7 23. Rc2 Nc7 24. d5 Bxb2 25. Rxb2 c5 26. a4 b6 27. Rbd2 Re7 28.
Qf4 Ne8 29. Qf3 Nf6 30. Re2 Rae8 31. Rxe7 Rxe7 32. Qf4 Ne8 33. Qc4 Nc7 34. Qf4
Qxf4 35. gxf4 Ne8 36. Kf1 Nd6 37. Re1 Kf8 38. Rxe7 Kxe7 39. Ke2 Nf5 40. Kd3 Kd6
41. Be4 Nd4 42. Kc4 Ne2 43. f5 gxf5 44. Bxf5 h6 45. h4 Nd4 46. Bg4 f5 47. Bd1 f4
48. Bg4 Ke5 49. Bd1 f3 50. h5 Kd6 51. Kd3 Kxd5 52. Ke3 Ke5 53. Bxf3 Nxb3 54. Be4
Nd4 55. f4+ Kf6 56. Bd5 Kf5 57. Bc4 Kg4 58. Ke4 Kxh5 59. Bf7+ Kg4 60. f5 Kg5 61.
Ke5 Nxf5 62. Kd5 c4 0-1

[Event "chess.com Junior Speed"]
[Site "chess.com INT"]
[Date "2019.06.15"]
[Round "1.18"]
[White "Smirnov, Anton"]
[Black "Xiong, Jeffery"]
[Result "0-1"]
[WhiteTitle "GM"]
[BlackTitle "GM"]
[WhiteElo "2567"]
[BlackElo "2679"]
[WhiteFideId "3208923"]
[BlackFideId "2047640"]
[EventDate "2019.05.16"]

1. e4 e5 2. Nf3 Nc6 3. Bb5 a6 4. Ba4 Nf6 5. O-O d6 6. d4 b5 7. Bb3 Nxd4 8. Nxd4
exd4 9. c3 Bb7 10. Qxd4 Be7 11. Nd2 O-O 12. Bc2 Re8 13. Re1 Bf8 14. f3 d5 15. e5
Nd7 16. Nb3 c5 17. Qf4 Bd6 18. exd6 Rxe1+ 19. Kf2 Qe8 20. Bd2 Qe2+ 21. Kg3 Rxa1
22. Nxa1 Nf6 23. Qe3 Re8 24. Qxe2 Rxe2 25. Bg5 Bc8 26. Bxf6 gxf6 27. h4 c4 28.
Kf4 Kf8 29. Bxh7 f5 30. g4 Rxb2 31. Bxf5 Bxf5 32. Kxf5 Rxa2 33. Kf6 Rf2 34. Ke5
Rxf3 35. Kxd5 Rxc3 36. Kc6 Rd3 37. Kc7 b4 38. Nc2 b3 39. Nb4 Rxd6 40. Kxd6 b2 0-1

[Event "chess.com Junior Speed"]
[Site "chess.com INT"]
[Date "2019.06.15"]
[Round "1.19"]
[White "Xiong, Jeffery"]
[Black "Smirnov, Anton"]
[Result "1-0"]
[WhiteTitle "GM"]
[BlackTitle "GM"]
[WhiteElo "2679"]
[BlackElo "2567"]
[WhiteFideId "2047640"]
[BlackFideId "3208923"]
[EventDate "2019.05.16"]

1. d4 d5 2. c4 c6 3. Nf3 Nf6 4. Nc3 dxc4 5. e3 b5 6. a4 b4 7. Na2 e6 8. Bxc4
Nbd7 9. O-O a5 10. Bd2 Bb7 11. Nc1 Qb6 12. Nb3 c5 13. Bb5 Be7 14. dxc5 Bxc5 15.
Nxc5 Qxc5 16. Rc1 Qb6 17. e4 Ba6 18. Be3 Qb8 19. Qe2 Bxb5 20. axb5 O-O 21. Rfd1
Qb7 22. Nd4 Nxe4 23. Nc6 Ndf6 24. f3 Nd5 25. fxe4 Nxe3 26. Qxe3 Qxb5 27. Qd3 Qb7
28. Qd7 Qb6+ 29. Qd4 Qb7 30. Qc5 h6 31. e5 Kh7 32. Nxa5 Qe4 33. Nc6 Rfc8 34.
Qxb4 Qe3+ 35. Kh1 Ra6 36. Qb5 Rb6 37. Qa4 Rxb2 38. Qd4 Qe2 39. Qg1 Qe4 40. Re1
Qg6 41. Ne7 1-0

[Event "chess.com Junior Speed"]
[Site "chess.com INT"]
[Date "2019.06.15"]
[Round "1.20"]
[White "Smirnov, Anton"]
[Black "Xiong, Jeffery"]
[Result "0-1"]
[WhiteTitle "GM"]
[BlackTitle "GM"]
[WhiteElo "2567"]
[BlackElo "2679"]
[WhiteFideId "3208923"]
[BlackFideId "2047640"]
[EventDate "2019.05.16"]

1. e4 g6 2. d4 Bg7 3. Nc3 a6 4. a4 d6 5. Bc4 Nc6 6. Nf3 Nf6 7. O-O Bg4 8. Be3
O-O 9. h3 Bxf3 10. Qxf3 Nd7 11. Rad1 e5 12. dxe5 Ndxe5 13. Qe2 Nxc4 14. Qxc4 Re8
15. Rfe1 Qh4 16. f3 Be5 17. Nd5 Rac8 18. Bf2 Qd8 19. c3 Ne7 20. Bh4 b5 21. axb5
axb5 22. Qb3 Rb8 23. Kh1 Qd7 24. Nxe7+ Rxe7 25. Bxe7 Qxe7 26. Qd5 Qh4 27. Qd2
Qg3 28. Kg1 Qh2+ 29. Kf1 Bg3 30. Re3 b4 31. cxb4 Qh1+ 32. Ke2 Qxg2+ 33. Kd3 Qxh3
34. Re2 Be5 35. Rf2 c5 36. Rc1 Rxb4 37. Rc2 Rd4+ 0-1

[Event "chess.com Junior Speed"]
[Site "chess.com INT"]
[Date "2019.06.15"]
[Round "1.21"]
[White "Xiong, Jeffery"]
[Black "Smirnov, Anton"]
[Result "1-0"]
[WhiteTitle "GM"]
[BlackTitle "GM"]
[WhiteElo "2679"]
[BlackElo "2567"]
[WhiteFideId "2047640"]
[BlackFideId "3208923"]
[EventDate "2019.05.16"]

1. d4 d5 2. c4 c6 3. Nf3 Nf6 4. Nc3 e6 5. Bg5 dxc4 6. a4 Bb4 7. e4 Bxc3+ 8. bxc3
Qa5 9. e5 Ne4 10. Bd2 c5 11. Bxc4 cxd4 12. cxd4 Nxd2 13. Qxd2 Nc6 14. Bb5 Bd7
15. Rc1 b6 16. Bxc6 1-0